000 01477nam a2200373 c 4500
003 BLK
005 20240604005401.0
008 180410b bul|||||r ||||||| ||bul||
010 _aKNG00169778000
040 _aBLK
041 _aBUL
_cBUL
080 _aБългарска литература
_b821.163.2
_x(081.1)
_z821.163.2(081.1)
080 _aБългарска литература
_b821.163.2
_x-32
_z821.163.2-32
100 _aЕлин Пелин
_qСтоянов, Димитър Иванов
_9363511
700 1 _aБоров, Тодор
_qТодоров, Тодор Цветанов
_9367585
139 _aЕлин Пелин
_bЕ 53
245 1 0 _aСъчинения
_bВ 6 т. : Т. 1 -
_cЕлин Пелин; ред. и състав. на том Тодор Боров.
_nТ. 2
_pПовести, разкази, очерци (1906 - 1948)
250 _a2. изд.
257 _aBGR
260 София
_bБълг. писател
_c1977 -
300 _c20 см
380 _aX
500 _a1. изд. 1972.
653 _aповести
653 _aразкази
653 _aочерци
760 1 _aЕлин Пелин
_b2. изд.
_d1977
_h415 с. : 4 л. : ил.
_tТ. 2 Повести, разкази, очерци (1906 - 1948)
852 _aЦб 86914
856 4 _qpdf
_u
856 4 _qpdf
_u
942 _cKNG
_n0
_01
944 _aCR
_c19.01.2015
_lCRON CRON
_k
944 _aED
_c25.04.2016
_lф /
_kЛюдмила_Стоянова
999 _c162401
_d162401